| 000 | 00584nam a2200181Ia 4500 | ||
|---|---|---|---|
| 003 | IN-BaIIA | ||
| 008 | 211028s9999 xx 000 0 eng d | ||
| 020 | _a978-1-4020-2071-1 | ||
| 040 | _cIIA Library | ||
| 080 |
_a52(082.1) _bASS-303 |
||
| 100 |
_aDorman, Lev I. _929613 |
||
| 245 | 0 |
_aCosmic rays in the earth`s atmosphere and underground _cLev I. Dorman |
|
| 260 |
_aDordrecht _bKluwer Academic _c2004 |
||
| 300 | _axxxii, 855p. | ||
| 490 | _aAstrophysics and space science library; v. 303 | ||
| 650 | _aCosmic rays | ||
| 942 | _cBK | ||
| 999 |
_c16015 _d16015 |
||